Minecraft Music Discs - Statistics

General Stats
  • This quiz has been taken 97 times
    25 since last reset
  • The average score is 12 of 21
Answer Stats
Picture Answer % Correct
Pigstep
96%
Otherside
87%
11
78%
13
78%
Cat
78%
Lava Chicken
74%
Chirp
70%
Stal
65%
Tears
65%
Creator
61%
Relic
57%
5
52%
Mellohi
52%
Ward
52%
Mall
48%
Blocks
43%
Creator (Music Box)
43%
Far
39%
Precipice
35%
Strad
30%
Wait
30%
No matching quizzes found
Score Distribution
Percent of People with Each Score
Percentile by Number Answered
Your Score History
You have not taken this quiz since the last reset